A Course in Approximation Theory (Record no. 1261)

MARC details
000 -LEADER
fixed length control field 00421nam a22001697a 4500
005 - DATE AND TIME OF LATEST TRANSACTION
control field 20180521144744.0
008 - FIXED-LENGTH DATA ELEMENTS--GENERAL INFORMATION
fixed length control field 160521b xxu||||| |||| 00| 0 eng d
020 ## - INTERNATIONAL STANDARD BOOK NUMBER
ISBN 978-265-261-2
041 ## - LANGUAGE CODE
Language code of text/sound track or separate title eng
082 ## - DEWEY DECIMAL CLASSIFICATION NUMBER
Item number 3672
Classification number 511.4
100 ## - MAIN ENTRY--AUTHOR NAME
Personal name Ward, Cheney and Will light
245 ## - TITLE STATEMENT
Title A Course in Approximation Theory
260 ## - PUBLICATION, DISTRIBUTION, ETC. (IMPRINT)
Name of publisher Thomson Lean
300 ## - PHYSICAL DESCRIPTION
Number of Pages 326
650 ## - SUBJECT ADDED ENTRY--TOPICAL TERM
Topical Term DIPLOMA ENGINEERING
942 ## - ADDED ENTRY ELEMENTS (KOHA)
Koha item type Books
Holdings
Lost status Damaged status Collection code Home library Current library Shelving location Date acquired Cost, normal purchase price Full call number Accession Number Koha item type
    MANAGEMENT JRU Library JRU Library SHELF-71-E 21/05/2016 300.00 511.4 3672 Books
    MANAGEMENT JRU Library JRU Library SHELF-71-E 21/05/2016 300.00 511.4 3673 Books